000 00253nam a2200097Ia 4500
008 120527s9999 xx 000 0 und d
100 _aOAKES, et al
245 _aEnginering air future. An introduction to Enginering
260 _bGreat lakes
942 _cBK
999 _c25548
_d25548